00409nam a2200121Ia 4500008004100000024004700041082001900088100006100107245003300168260002600201600002700227650003300254260210s9999 xx 000 0 und d a13B-87-EL, 13B-111-EL & 13B-148-EL a629.895072 NAV aNaveed Haseen, Shaikh Mateen Sethi & M. Asfar Hameed 0aSmart Trolley for Mega Malls aKarachi:bUITU,c2013 aElectrical Engineering aBachelor of Engineering (BE)